Obálka Náhled e-knihy:
PDF Epub
Pro půjčování e-knih musíte být přihlášeni.
Jak si půjčit online?

Percy Jackson 2 – More oblúd /

Percy Jackson si už zvykol na to, že nie je obyčajný chalan z New Yorku – ako syn boha mora Poseidóna patrí do dvoch svetov, ľudského aj mytologického, kde sa to hemží zákernými a krvilačnými obludami. A mnohé z príšer, ktoré donedávna poznal len zo starých gréckych bájí, ho teraz chcú pripraviť o ž...

Celý popis

Uloženo v:
Série:Percy Jackson (SK), část 2
Hlavní autor: Riordan, Rick (Autor)
Médium: E-kniha
Jazyk:Czech
Vydáno: Praha : Albatros Media Slovakia s.r.o., 2019
Příbuzné jednotky:Z cyklu:: Percy Jackson (SK)
Tagy:
Žádné tagy
LEADER 01565nam a22002417i 4500
001 311046
007 ta
008 260601s2019 xr ||||| |||| 00| 0 cze d
020 |a 9788056404874 
044 |a xr 
100 1 |a  Riordan, Rick  |4 aut 
245 1 0 |a Percy Jackson 2 – More oblúd /  |c  Riordan, Rick 
240 1 0 |a Percy Jackson & the Olympians – The Sea of Monsters 
264 1 |a Praha :  |b Albatros Media Slovakia s.r.o.,  |c 2019 
300 |a 1 online zdroj (304 stran) 
336 |a text  |b txt  |2 rdacontent 
337 |a bez média  |b n  |2 rdamedia 
338 |a online zdroj  |b cr  |2 rdacarrier 
520 2 |a Percy Jackson si už zvykol na to, že nie je obyčajný chalan z New Yorku – ako syn boha mora Poseidóna patrí do dvoch svetov, ľudského aj mytologického, kde sa to hemží zákernými a krvilačnými obludami. A mnohé z príšer, ktoré donedávna poznal len zo starých gréckych bájí, ho teraz chcú pripraviť o život... Po nečakane pokojnom školskom roku sa v posledný deň pred prázdninami na Percyho zosype celá lavína problémov... 
787 0 8 |g 2  |i Z cyklu:  |t Percy Jackson (SK) 
910 |a RBIT002 
998 |d 184762  |a https://core.palmknihy.cz/api/books/184762/cover?si6jes  |b https://core.palmknihy.cz/api/books/184762/cover/400?si6jes  |c https://core.palmknihy.cz/api/books/184762/cover/50?si6jes  |e 2027-01-20  |g 304  |i 9788056404874  |j https://core.palmknihy.cz/api/books/184762/preview.epub  |k https://core.palmknihy.cz/api/books/184762/preview.pdf  |l   |q 49  |r 1  |s https://www.palmknihy.cz/kniha/184762  |t ebook  |y 2019  |z 1  |v Percy Jackson (SK)  |w 2 
999 |d 311044